UM Logo

Biology of the invertebrates/ (Record no. 3468)

MARC details
000 -LEADER
fixed length control field 00526nam a22001697a 4500
008 - FIXED-LENGTH DATA ELEMENTS--GENERAL INFORMATION
fixed length control field 160716b xxu||||| |||| 00| 0 eng d
020 ## - INTERNATIONAL STANDARD BOOK NUMBER
International Standard Book Number 0-07-124879-X
082 ## - DEWEY DECIMAL CLASSIFICATION NUMBER
Edition number 2005
Classification number DC 592
Item number P33b
100 ## - MAIN ENTRY--PERSONAL NAME
9 (RLIN) 11566
Personal name Pechenik, Jan A.
245 ## - TITLE STATEMENT
Title Biology of the invertebrates/
Statement of responsibility, etc. Jan A. Pechenik.
250 ## - EDITION STATEMENT
Edition statement 5th edition
260 ## - PUBLICATION, DISTRIBUTION, ETC. (IMPRINT)
Place of publication, distribution, etc. Boston:
Name of publisher, distributor, etc. McGraw-Hill,
Date of publication, distribution, etc. c2005.
300 ## - PHYSICAL DESCRIPTION
Extent xv, 590 pages:
Other physical details illustrations;
Dimensions 29 cm.
500 ## - GENERAL NOTE
General note Includes bibliographical references.<br/>
650 #0 - SUBJECT ADDED ENTRY--TOPICAL TERM
9 (RLIN) 11567
Topical term or geographic name as entry element Invertebrates
942 ## - ADDED ENTRY ELEMENTS (KOHA)
Source of classification or shelving scheme Dewey Decimal Classification
Koha item type Circulation
Holdings
Withdrawn status Lost status Source of classification or shelving scheme Damaged status Not for loan Collection code Home library Current library Date acquired Source of acquisition Total Checkouts Full call number Barcode Date last seen Price effective from Koha item type
    Dewey Decimal Classification     Circulation UM Digos College - LIC UM Digos College - LIC 09/29/2007 Purchased   DC 592 P33b 2005 19315 05/15/2025 07/16/2016 Circulation